Cơ sở nghiên cứu và sáng tạo robot
Cuốn sách này cung cấp kiến thức cơ bản để tìm hiểu, nghiên cứu và sáng tạo robot, đặc biệt tập trung vào các vấn đề cơ học, động học, và động lực học của các cơ cấu chấp hành. Nếu bạn đã có kiến thức cơ bản về toán cao cấp, cơ l...
Gespeichert in:
| Format: | Buch |
|---|---|
| Sprache: | Undetermined |
| Veröffentlicht: |
Tp. Hồ Chí Minh
Thống kê
2003
|
| Schlagworte: | |
| Tags: |
Tag hinzufügen
Keine Tags, Fügen Sie den ersten Tag hinzu!
|
| Thư viện lưu trữ: | Trung tâm Học liệu Trường Đại học Cần Thơ |
|---|
| LEADER | 01095nam a2200193Ia 4500 | ||
|---|---|---|---|
| 001 | CTU_91906 | ||
| 008 | 210402s9999 xx 000 0 und d | ||
| 020 | |c 42000 | ||
| 082 | |a 629.892 | ||
| 082 | |b C460 | ||
| 245 | 0 | |a Cơ sở nghiên cứu và sáng tạo robot | |
| 245 | 0 | |c Trần Thế San, Nguyễn Tiến Dũng | |
| 260 | |a Tp. Hồ Chí Minh | ||
| 260 | |b Thống kê | ||
| 260 | |c 2003 | ||
| 520 | |a Cuốn sách này cung cấp kiến thức cơ bản để tìm hiểu, nghiên cứu và sáng tạo robot, đặc biệt tập trung vào các vấn đề cơ học, động học, và động lực học của các cơ cấu chấp hành. Nếu bạn đã có kiến thức cơ bản về toán cao cấp, cơ lý thuyết, cơ học máy, ... thì từ cuốn sách này bạn có thể tìm được nhiều kiến thức bổ ích và lý thú. | ||
| 650 | |a Robots,Automation | ||
| 904 | |i Nguyên | ||
| 980 | |a Trung tâm Học liệu Trường Đại học Cần Thơ | ||